000 01054nam a2200181 4500
999 _c11830
_d11830
003 OSt
005 20230831192804.0
008 220907b xxu||||| |||| 00| 0 eng d
020 _a9789384204105
040 _cBMSCA
041 _aENG
082 _2DDC23
_a720.68
_bCOA
245 _aManual of architectural practice
_b:Guidelines for architectural practice (Vol 1)
260 _aNew Delhi
_bCouncil of Architecture
_c2022
300 _a118p.
_bHard Bound
_c28.5*21 cm
520 _aThe Manual of Architectural Practice (MAP) is a five-volume publication. Each Volume presents both: detailed explanatory discussions on a particular aspect of Architectural Practice, as well as provide quick-reference Templates and Exhibits for the actual use of each Reader. Volume ONE: Guidelines for Architectural Practice sets the base for all further discussions. It outlines how the profession emerged, how the practice of architecture was set up and regularised, who architects are, what all do they do, and how and what are services they provide.
942 _2ddc